| 000 | 00447nam a22001697a 4500 | ||
|---|---|---|---|
| 999 |
_c526653 _d526653 |
||
| 003 | NUST | ||
| 038 | _awaseem | ||
| 082 |
_a891.491 _bTUS |
||
| 100 |
_aTaseef haider _917655 |
||
| 245 |
_aKalam e Abar shah / _cTaseef haider |
||
| 260 |
_aFaisalabad : _bChishti Composers, _c2012. |
||
| 300 | _a174 p. ; | ||
| 500 | _aHardcover. | ||
| 880 |
_6100-01\r _aتوصیف حیدر |
||
| 880 |
_6245-02\r _aکلامِ اَبر شاہ / |
||
| 942 |
_2ddc _cBK |
||